10 Largest Countries in Africa Quiz Stats

 Plays Quiz Updated Aug 13, 2018

Score 0/10 Timer 05:00
24 Plays Today
% Correct
Democratic Republic of Congo
90.1%
South Africa
81.6%
Sudan
80.4%
Algeria
79%
Libya
72.4%
Chad
69.3%
Niger
57.5%
Ethiopia
56.2%
Angola
54.5%
Mali
52%

You're not logged in!

Compare scores with friends on all Sporcle quizzes.
OR
Log In

Sporcle TV

Today on Sporcle TV


Watch our educational content, quiz creation guides, and fun videos on Sporcle TV.

Show Comments

Extras

Top Quizzes Today


Score Distribution

Your Account Isn't Verified!

In order to create a playlist on Sporcle, you need to verify the email address you used during registration. Go to your Sporcle Settings to finish the process.

Report this User

Report this user for behavior that violates our Community Guidelines.

Details: